000 00248nam a2200109Ia 4500
008 220204s9999 xx 000 0 und d
082 _a82-3
_bSAR
100 _aJean-Paul
245 0 _aAge of reason
260 _aEngland
_bPenguin
_c1978
942 _cBK
999 _c33039
_d33039